000 00287nam a22001337a 4500
008 170923b xxu||||| |||| 00| 0 eng d
020 _a9780321644008
041 _aeng
080 _a37
100 _a46
101 _aEDU
245 _aGET READY FOR A&P
_cGARRET, L.K
942 _2udc
_cBK
999 _c29355
_d29355